Sága rodu Křídloprachů. Kniha druhá, Na sever, sic vás sežerou! /
Další díl fantasy série ze světa, kde žijí mořští draci i zubaté krávy a kde rostou ty nejlepší karamelouny nebo slahody.
Uloženo v:
| Série: | Sága rodu Křídloprachů,
část 2 |
|---|---|
| Hlavní autor: | |
| Další autoři: | |
| Médium: | E-kniha |
| Jazyk: | Czech |
| Vydáno: |
V Praze :
Albatros,
2025
|
| Vydání: | 1. vydání |
| Témata: | |
| Příbuzné jednotky: | Přeloženo z:
Wingfeather saga Z cyklu:: Sága rodu Křídloprachů |
| Tagy: |
Žádné tagy |
| LEADER | 02968nam a2200541 i 4500 | ||
|---|---|---|---|
| 001 | 312732 | ||
| 003 | CZ PrSKC | ||
| 005 | 20260601215727.0 | ||
| 007 | ta | ||
| 008 | 250515s2025 xr a c 000 f cze | ||
| 015 | |a cnb003685447 | ||
| 020 | |a 9788000077567 |q (vázáno) : |c Kč 399,00 | ||
| 035 | |a (OCoLC)1527578165 | ||
| 040 | |a ABG001 |b cze |e rda | ||
| 041 | 1 | |a cze |h eng | |
| 072 | 7 | |a 821.111(73)-3 |x Americká próza |2 Konspekt | |
| 072 | 7 | |a 821-93 |x Literatura pro děti a mládež (beletrie) |2 Konspekt | |
| 080 | |a 821.111(73)-31 |2 MRF | ||
| 080 | |a 821-93 |2 MRF | ||
| 080 | |a (0:82-312.9) |2 MRF | ||
| 100 | 1 | |a Peterson, Andrew, |d 1974- |7 xx0325357 |4 aut | |
| 240 | 1 | 0 | |a North!, or, Be eaten. |l Česky |
| 245 | 1 | 0 | |a Sága rodu Křídloprachů. |n Kniha druhá, |p Na sever, sic vás sežerou! / |c Andrew Peterson ; přeložil Petr Eliáš |
| 246 | 3 | 0 | |a Na sever, sic vás sežerou! |
| 250 | |a 1. vydání | ||
| 264 | 1 | |a V Praze : |b Albatros, |c 2025 | |
| 300 | |a 475 stran : |b ilustrace ; |c 22 cm | ||
| 336 | |a text |b txt |2 rdacontent | ||
| 337 | |a bez média |b n |2 rdamedia | ||
| 338 | |a svazek |b nc |2 rdacarrier | ||
| 500 | |a Přeloženo z angličtiny | ||
| 520 | 2 | |a Další díl fantasy série ze světa, kde žijí mořští draci i zubaté krávy a kde rostou ty nejlepší karamelouny nebo slahody. |b Janner, Tink a Leeli donedávna žili v přesvědčení, že se nijak zásadně neodlišují od jiných dětí. Ale teď už vědí, že ve skutečnosti jsou ztracenými potomky krále Křídlopracha z Anniery. A následníky trůnu slavného království ležícího za Temným mořem temnoty, kterým teď jde o holé životy. Aby se zachránili, vydávají se sourozenci Igibyovi na cestu do bezpečí Ledových plání. Tam je krvežízniví Tesáci z Desagu nedostihnou. Než tam ale Janner, Tink a Leeli doplují, budou muset uniknout mnoha jiným nástrahám. Nakladatelská anotace. | |
| 521 | 8 | |a Pro čtenáře od 9 let | |
| 655 | 7 | |a americké romány |7 fd131796 |2 czenas | |
| 655 | 7 | |a fantasy romány |7 fd184199 |2 czenas | |
| 655 | 7 | |a publikace pro děti |7 fd133156 |2 czenas | |
| 655 | 9 | |a American fiction |2 eczenas | |
| 655 | 9 | |a fantasy novels |2 eczenas | |
| 655 | 9 | |a children's literature |2 eczenas | |
| 700 | 1 | |a Eliáš, Petr, |d 1986- |7 xx0079819 |4 trl | |
| 765 | 0 | |t Wingfeather saga | |
| 787 | 0 | 8 | |i Z cyklu: |t Sága rodu Křídloprachů |g 2 |w (CZ-CtDS)741a9d48-2f35-5f25-a192-79a49963c0e4 |
| 900 | |a ABA001 |b 21 | ||
| 928 | 9 | |a Albatros Media - Albatros | |
| 044 | |a xr | ||
| 910 | |a RBIT002 | ||
| 998 | |d 420562 |a https://core.palmknihy.cz/api/books/420562/cover?swlzcm |b https://core.palmknihy.cz/api/books/420562/cover/400?swlzcm |c https://core.palmknihy.cz/api/books/420562/cover/50?swlzcm |e 2028-11-17 |g 480 |i 9788000077567 |j https://core.palmknihy.cz/api/books/420562/preview.epub |k https://core.palmknihy.cz/api/books/420562/preview.pdf |l |q 49 |r 1 |s https://www.palmknihy.cz/kniha/420562 |t ebook |y 2025 |z 0 |v Sága rodu Křídloprachů |w 2 | ||
| 999 | |d 312730 | ||